| 000 | 00912nam a22002897a 4500 | ||
|---|---|---|---|
| 003 | CHAP | ||
| 005 | 20220329135506.0 | ||
| 008 | 971013s1911 r 00010 d | ||
| 010 | _a37492 | ||
| 011 | _a38464 | ||
| 035 | _a42584 | ||
| 040 | _cCHAP | ||
| 082 |
_a663.29 _bB3 |
||
| 100 | 0 | 0 |
_aParloa, María. _985641 |
| 245 | _aEnvase y conservación de frutas | ||
| 260 |
_aMéxico : _bSecretaría de Fomento, _c1911 |
||
| 300 |
_a59 p. _b: ilus. |
||
| 500 | _aEncuadernado con: Bano, J. de. Instrucciones generales sobre la fabricación de vino de frutas | ||
| 590 |
_aBATCH-UPD _b10 _c20130110 _lUCH01 _h2021 |
||
| 590 |
_aBATCH-UPD _b10 _c20130410 _lUCH01 _h1339 |
||
| 590 |
_aBATCH-UPD _b10 _c20130914 _lUCH01 _h1449 |
||
| 590 |
_aCONVERSION _b10 _c20130109 _lUCH01 _h1321 |
||
| 650 | 1 | 4 |
_aFruta _xPreservación. _943652 |
| 901 | _aBK | ||
| 942 | _cLIBRO | ||
| 949 |
_a663.29 B3 _bBC _cBPP _d-97988 _eBPP _i42584 _si |
||
| 999 |
_c37492 _d37492 |
||